000 00445nam a2200181Ia 4500
999 _c41167
_d41167
003 0100
005 20180301093459.0
008 130303s9999 xx 000 0 und d
040 _cARRUPELIB
050 _aDT83.B782 1964
100 _aBreasted, James Henry
_939943
245 2 _aA history of Egypt, from the earliest times to the Persian conquest /
260 _aNew York
_bBantam Books
_c1964
300 _a537p.
300 _b 18 cm
650 _aEgypt
_xHistory, ancient
_939944
942 0 0 _01
_2lcc
_cMONOGRAPH